| 000 -ლიდერი |
| ფიქსირებული სიგრძის საკონტროლო ველი |
01470nam a2200265Ia 4500 |
| 001 - საკონტროლო ნომერი |
| საკონტროლო ველი |
19612 |
| 003 - საკონტროლო ნომრის იდენტიფიკატორი |
| საკონტროლო ველი |
GE_BSU |
| 005 - ბოლო ოპერაციის თარიღი და დრო |
| საკონტროლო ველი |
20200310153948.0 |
| 008 - ფიქსირებული სიგრძის მონაცემთა ელემენტები - ზოგადი ინფორმაცია |
| ფიქსირებული სიგრძის საკონტროლო ველი |
181216s1956||||ge |||||||||||||| ||geo|| |
| 040 ## - კატალოგიზაციის წყარო |
| Transcribing agency |
GE_BSU |
| 041 ## - ენის კოდი |
| Language code of text/sound track or separate title |
geo |
| 080 ## - უნივერსალური ათობითი კლასიფიკაციის ინდექსი |
| Universal Decimal Classification number |
811.353.367 ს-36 |
| 245 ## - ცნობა სათაურის შესახებ |
| Title |
სახელის ბრუნების ისტორიისათვის ქართველურ ენებში = К истории склонения имен в картвельских языках / |
| Remainder of title |
წიგნი I : |
| Statement of responsibility, etc |
რედ. ვ. თოფურია. |
| 264 ## - წარმოების, გამოცემის, დისტრიბუციის და სხვა ცნობები |
| გამოცემის, წარმოების, დისტრიბუციის... ადგილი |
თბილისი : |
| გამოცემის, წარმოების, დისტრიბუციის... სახელწოდება |
სახელმწიფო უნივერსიტეტის გამ–ბა, |
| გამოცემის, წარმოების, დისტრიბუციის... თარიღი |
1956. |
| 300 ## - ფიზიკური აღწერა |
| Extent |
478 გვ.; |
| Dimensions |
22 სმ. |
| 490 ## - სერიის ცნობა |
| Series statement |
ახალი ქართული ენის კათედრის შრომები : |
| Volume number/sequential designation |
1 |
| 653 ## - INDEX TERM--UNCONTROLLED |
| Uncontrolled term |
ქართველური ენები |
| 653 ## - INDEX TERM--UNCONTROLLED |
| Uncontrolled term |
მორფოლოგია |
| 653 ## - INDEX TERM--UNCONTROLLED |
| Uncontrolled term |
სახელის ბრუნება |
| 700 ## - ADDED ENTRY--PERSONAL NAME |
| Personal name |
თოფურია, ვ. |
| Relator term |
რედაქტორი |
| 9 (RLIN) |
1040 |
| 710 ## - ADDED ENTRY--CORPORATE NAME |
| Corporate name or jurisdiction name as entry element |
სსრ კავშირის უმაღლესი განათლების სამინისტრო |
| 9 (RLIN) |
7702 |
| 710 ## - ADDED ENTRY--CORPORATE NAME |
| Corporate name or jurisdiction name as entry element |
სტალინის სახელობის თბილისის სახელმწიფო უნივერსიტეტი |
| 9 (RLIN) |
3795 |
| 942 ## - ADDED ENTRY ELEMENTS (KOHA) |
| Koha item type |
წიგნი |
| Source of classification or shelving scheme |
|